00302nam a2200085Ia 4500008004100000245005200041245003200093260000900125856008200134160523s9999 xx 000 0 und d aRisk Management - Current Issues and Challenges cEdited by Nerija Banaitiene c2012 uhttp://www.intechopen.com/books/risk-management-current-issues-and-challenges